000 00438cam a2200181ua 4500
020 _c12.60
041 _aeng
_h
082 _a823.308
_bREA/OI
100 _aReade, Charles .
245 _aOister and the hearth /
_cCharles Reade.
_hTextual Documents
250 _a1 /
_b.
260 _aLondon :
_bJ M Dent and Sons Ltd ,
_c1960.
300 _a708 ; .
365 _a12.60
504 _a
942 _cBK
999 _c8729
_d8729